000 00632nam a2200265Ia 4500
005 20260320203336.0
008 008 262003s9999 xx 000 0 eng d
020 _a978-3-031-20744-0
037 _aEBOOK
040 _aCRL
040 _beng
040 _cCRL
041 _2eng
041 _aeng
084 _qCRL
100 _aJoachim Stöhr
_91137434
245 4 _aThe Nature of X-Rays and Their Interactions with Matter
260 _bSpringer
260 _c2023
650 _aPhysics
856 _uhttps://doi.org/10.1007/978-3-031-20744-0
942 _cEBOOK
999 _c1726215
_d1726215